Catalog

Record Details

Catalog Search



Future Information Technology 6th International Conference, FutureTech 2011, Loutraki, Greece, June 28-30, 2011, Proceedings, Part I  Cover Image E-book E-book

Future Information Technology [electronic resource] : 6th International Conference, FutureTech 2011, Loutraki, Greece, June 28-30, 2011, Proceedings, Part I / edited by James J. Park, Laurence T. Yang, Changhoon Lee.

Park, James J. (Author). Yang, Laurence T. (Added Author). Lee, Changhoon. (Added Author). SpringerLink (Online service) (Added Author).

Electronic resources


LDR 01877nam a22004695i 4500
0015522
003CONS
00520121026172926.0
007cr nn 008mamaa
008110627s2011 gw | s |||| 0|eng d
020 . ‡a9783642223334 ‡9978-3-642-22333-4
0247 . ‡a10.1007/978-3-642-22333-4 ‡2doi
035 . ‡a(DE-He213)978-3-642-22333-4
050 4. ‡aTK5105.5-5105.9
072 7. ‡aUKN ‡2bicssc
072 7. ‡aCOM075000 ‡2bisacsh
1001 . ‡aPark, James J.
24510. ‡aFuture Information Technology ‡h[electronic resource] : ‡b6th International Conference, FutureTech 2011, Loutraki, Greece, June 28-30, 2011, Proceedings, Part I / ‡cedited by James J. Park, Laurence T. Yang, Changhoon Lee.
260 . ‡aBerlin, Heidelberg : ‡bSpringer Berlin Heidelberg, ‡c2011.
300 . ‡a540p. ‡bdigital.
4900 . ‡aCommunications in Computer and Information Science, ‡x1865-0929 ; ‡v184
650 0. ‡aComputer science.
650 0. ‡aComputer Communication Networks.
650 0. ‡aSoftware engineering.
650 0. ‡aComputer software.
650 0. ‡aInformation storage and retrieval systems.
650 0. ‡aInformation systems.
650 0. ‡aArtificial intelligence.
65014. ‡aComputer Science.
65024. ‡aComputer Communication Networks.
65024. ‡aInformation Systems Applications (incl.Internet).
65024. ‡aArtificial Intelligence (incl. Robotics).
65024. ‡aInformation Storage and Retrieval.
65024. ‡aSoftware Engineering.
65024. ‡aAlgorithm Analysis and Problem Complexity.
7001 . ‡aYang, Laurence T.
7001 . ‡aLee, Changhoon.
7102 . ‡aSpringerLink (Online service)
7730 . ‡tSpringer eBooks
77608. ‡iPrinted edition: ‡z9783642223327
830 0. ‡aCommunications in Computer and Information Science, ‡x1865-0929 ; ‡v184
85640. ‡uhttp://dx.doi.org/10.1007/978-3-642-22333-4 ‡9CONS
950 . ‡aComputer Science (Springer-11645)
901 . ‡a5522 ‡b ‡c5522 ‡tbiblio ‡sSystem Local

Additional Resources